00578nam a2200193 a 4500001001300000003000900013005001700022008004100039020002400080082001700104100002800121245007200149260004300221300000900264500003500273505002400308650002400332700002800356nice12345678IN_TiNIC20260116014108.0050524s2001 oxfa grp 000 0 eng  a1851682 c127400a291.172bAZU aAzumah, John Alembillah aLegacy of Arab-Islam in Africab Quest for Inter-Religious Dialogue aOxford bOne World Publications c2001 a264p aincludes index and biblioraphy2 aBibliography, Index aInterfaith Dialogue1 aAzumah, John Alembillah